Skoki narciarskie - wszyscy punktujący zawodnicy w sezonie 2004/2005 - Statystyki

Ogólne statystyki
  • Ten quiz został rozwiązany 69 razy
  • Średni wynik to 38 z 94
Statystyki odpowiedzi
Hint Odpowiedź % Poprawnych
Polska Adam Małysz
95%
Polska Kamil Stoch
90%
Finlandia Janne Ahonen
84%
Japonia Noriaki Kasai
79%
Polska Robert Mateja
78%
Korea Południowa Heung Chul Choi
74%
Austria Thomas Morgenstern
74%
Szwajcaria Simon Ammann
72%
Austria Andreas Kofler
71%
Czechy Jakub Janda
69%
Japonia Kazuyoshi Funaki
67%
Niemcy Martin Schmitt
66%
Słowenia Primož Peterka
66%
Słowenia Robert Kranjec
64%
Szwajcaria Andreas Küttel
62%
Japonia Daiki Itō
62%
Japonia Takanobu Okabe
62%
Austria Wolfgang Loitzl
62%
Polska Marcin Bachleda
60%
Norwegia Roar Ljøkelsøy
59%
Czechy Jan Matura
57%
Finlandia Jussi Hautamäki
57%
Finlandia Matti Hautamäki
57%
Austria Martin Koch
55%
Czechy Antonín Hájek
52%
Norwegia Bjørn Einar Romøren
52%
Rosja Dmitrij Wasiljew
52%
Norwegia Sigurd Pettersen
52%
Finlandia Janne Happonen
50%
Kazachstan Radik Żaparow
50%
Stany Zjednoczone Alan Alborn
48%
Norwegia Anders Bardal
48%
Francja Emmanuel Chedal
48%
Słowenia Jernej Damjan
48%
Austria Andreas Widhölzl
47%
Niemcy Michael Neumayer
47%
Rosja Dienis Korniłow
45%
Korea Południowa Hyun Ki Kim
45%
Niemcy Michael Uhrmann
45%
Słowenia Peter Žonta
45%
Niemcy Alexander Herr
43%
Austria Martin Höllwarth
43%
Austria Andreas Goldberger
41%
Austria Florian Liegl
41%
Finlandia Risto Jussilainen
41%
Słowenia Rok Benkovič
41%
Niemcy Stephan Hocke
41%
Stany Zjednoczone Clint Jones
40%
Norwegia Lars Bystøl
40%
Szwajcaria Michael Möllinger
40%
Francja Nicolas Dessum
40%
Japonia Hideharu Miyahira
38%
Szwecja Johan Erikson
38%
Czechy Jan Mazoch
36%
Finlandia Tami Kiuru
36%
Polska Krystian Długopolski
34%
Rosja Dmitrij Ipatow
33%
Niemcy Georg Späth
33%
Norwegia Daniel Forfang
29%
Estonia Jaan Jüris
29%
Słowenia Primož Pikl
29%
Norwegia Tommy Ingebrigtsen
29%
Finlandia Veli-Matti Lindström
29%
Finlandia Joonas Ikonen
28%
Finlandia Kalle Keituri
26%
Niemcy Maximilian Mechler
26%
Japonia Akira Higashi
24%
Norwegia Henning Stensrud
24%
Japonia Kazuya Yoshioka
24%
Finlandia Akseli Kokkonen
22%
Słowenia Bine Zupan
22%
Włochy Stefano Chiapolino
22%
Austria Balthasar Schneider
21%
Kazachstan Iwan Karaułow
21%
Japonia Hiroki Yamada
19%
Niemcy Ferdinand Bader
17%
Japonia Fumihisa Yumoto
17%
Białoruś Maksim Anisimau
17%
Norwegia Morten Solem
17%
Rosja Ildar Fatkullin
16%
Słowenia Jure Bogataj
16%
Austria Stefan Kaiser
16%
Niemcy Jörg Ritzerfeld
14%
Austria Reinhard Schwarzenberger
14%
Finlandia Kimmo Yliriesto
12%
Austria Roland Müller
12%
Japonia Yukio Sakano
12%
Norwegia Jon Aaraas
10%
Niemcy Stefan Pieper
10%
Japonia Tsuyoshi Ichinohe
10%
Finlandia Pekka Salminen
9%
Japonia Yūsuke Kaneko
5%
Niemcy Christian Bruder
3%
Niemcy Kai Bracht
2%
Nie znaleziono quizów pasujących do podanych kryteriów
Rozkład punktacji
Procent ludzi z każdym wynikiem
Percentyl według liczby udzielonych odpowiedzi
Twoja historia wyników
Nie rozwiązałeś tego quizu